000
00305nam a22001337a 4500
999
_c
12604
_d
12604
008
241218b 1984 ||||| |||| 00| 0 eng d
020
_a
0113405863
082
_a
363.37092
_b
HMS
100
_a
HMSO
245
_a
Manual of firemanship
260
_a
London
_b
HMSO
_c
1984
300
_a
161p.
942
_c
BK